000 00654nam a22002057a 4500
999 _c17930
_d17930
003 AR-CdUCM
008 190510b ||||| |||| 00| 0 spa d
040 _aMUNICIPALIDAD PROVINCIAL DEL CUSCO
_cBIBLIOTECA MUNICIPAL DEL CUSCO
082 _22ed.
_a635 /
_bA43
100 _aAlsina Grau, Luis
_938194
245 _aHorticultura general /
260 _aBarcelona :
_bSintes,
_c1958.
300 _a382 páginas :
_c18 cm.
505 _aContenido : Emplazamiento del huerto -- El terreno -- Fertilizantes ...
650 _aTerreno
_938195
650 _aPlantas
_919530
650 _aHorticultura
_919445
942 _2ddc
_cLIBROS
945 _arah
_d10/05/2019